00841cam a22002654i 450000100090000000300040000900500170001300800410003001000170007102000420008804000290013004200080015904300120016705000230017908200220020210000160022424500770024026400430031730000240036033600260038433700280041033800270043850400670046570000430053218054313OSt20200609140740.0140304s2014 ii b 001 0 eng  a 2014004949 a9788132113652 (hardback : alk. paper) aDLCbengcoclcerdadDLC apcc aaz-----00aJQ98.A67bG68 201400a352.630954bCHA/G aChalam, K S00aGovernance in South Asia :bstate of the civil services /c K.S. Chalam. 1aNew Delhi :bSAGE Publications,c2014. a 293 pages ;c22 cm atextbtxt2rdacontent aunmediatedbn2rdamedia avolumebnc2rdacarrier aIncludes bibliographical references (pages 276-279) and index.1 aChalam, K. S.q(Kurmana Simha),d1948-